Statistics for Ten Worst Presidents

Click here to take the quiz!

General Stats

  • This quiz has been taken 1,981 times
  • The average score is 8 of 11

Answer Stats

RankingAnswer% Correct
9 a)Richard Nixon
81%
3.Andrew Johnson
77%
9 b)Herbert Hoover
74%
8.William Henry Harrison
70%
1.James Buchanan
69%
2.Warren G. Harding
66%
6.John Tyler
64%
10.Zachary Taylor
64%
4.Franklin Pierce
63%
5.Millard Filmore
62%
7.Ulysses S. Grant
61%

Score Distribution

Percentile by Number Answered

Percent of People with Each Score

Your Score History

You have not taken this quiz